Zabezpečenie kvality spojenia vo VoIP sieťach

Uložené v:
Podrobná bibliografia
Hlavný autor: Mrava, Martin, 1988- (Autor)
Ďalší autori: Halás, Michal, 1978- (Vedúci práce)
Médium: Rukopis Kniha
Jazyk:Slovak
Vydavateľské údaje: Bratislava : STU v Bratislave FEI, 2010
Predmet:
On-line prístup:VAIS
Tagy: Pridať tag
Žiadne tagy, Buďte prvý, kto otaguje tento záznam!

MARC

LEADER 00000ntm a22000003a 4500
001 stu209554
005 20150617230103.4
008 100818s2010------------------------slo-d
040 |a STU  |b slo 
041 0 |a slo 
100 1 |a Mrava, Martin,  |d 1988-  |4 aut  |u E  |T FEI Fakulta elektrotechniky a informatiky  |X 50229  |U E  |Y 30  |7 A000050229 
242 0 0 |a Ensuring the quality of VoIP connections in networks  |y eng 
242 0 0 |a Zabezpečenie kvality spojenia v sieťach VoIP  |y slo 
245 1 |a Zabezpečenie kvality spojenia vo VoIP sieťach 
260 |a Bratislava :  |b STU v Bratislave FEI,  |c 2010 
300 |a 34 s 
650 7 |a QoS  |2 stusub 
650 7 |a QoS  |2 stusub 
650 7 |a telekomunikačné systémy  |2 stusub 
650 7 |a VoIP technológie  |2 stusub 
650 7 |a komunikačné siete  |2 stusub 
700 1 |a Halás, Michal,  |d 1978-  |4 ths  |u E070  |U FEI Fakulta elektrotechniky a informatiky  |T FEI Ústav telekomunikácií  |X 4895  |U E070  |Y 818  |7 A000004895 
856 4 |a info a plný text  |u http://is.stuba.sk/zp/portal_zp.pl?podrobnosti=49236  |3 VAIS 
996 |b 284ER00089  |c E*Bc-89  |l EE16  |s P  |a 0  |w stu209554_0001